Lettres De Monsieur Arnauld d'Andilly

Podrobná bibliografia
Hlavný autor: Arnauld d'Andilly, Robert, 1589-1674 (Autor)
Korporatívny autor: Osmont, Charles I. (Tlačiar)
Ďalší autori: Osmont, Charles I., 1634-1690 (Tlačiar)
Médium: Kniha
Jazyk:francúzština
Fyzický popis:6 nečíslovaných listov, 465 strán, 1 nečíslovaný list 12° 16 × 10 cm
Vydanie:Dernière édition
Predmet:

MARC

LEADER 00000nam a2200000 4500
001 vtls012272760
003 SK-MaSNL
005 20260302025931.0
008 251112s1680 fr f 001 0 fre
015 |a SNBHFA 
040 |a SNKHF  |b slo  |c SNK  |e rda 
041 0 |a fre 
044 |a fr  |c FR 
072 7 |a 82  |x Literatúra. Literárny život  |2 konspekt 
080 |a 82-6  |2 2011 
100 1 |a Arnauld d'Andilly, Robert,  |d 1589-1674  |4 aut  |9 675960 
245 1 0 |a Lettres De Monsieur Arnauld d'Andilly 
246 3 8 |a Lttres De M. Dandilly. 
250 |a Dernière édition 
264 3 |a A Paris  |b Chez Charles Osmont, dans la grande Salle du Palais, du costé de la Cour des Aydes, à l'Escu de France  |c MDCLXXX (1680) 
300 |a 6 nečíslovaných listov, 465 strán, 1 nečíslovaný list  |c 12°  |c 16 × 10 cm 
336 |a text  |b txt  |2 rdacontent 
337 |a bez média  |b n  |2 rdamedia 
338 |a zväzok  |b nc  |2 rdacarrier 
500 |a Signet, vinety, vlysy, iniciálka s ornamentálnym pozadím v rámčeku na 1 riadok 
510 4 |a SUDOC  |c 149986327 
546 |a Nemčina  |b Antikva  |b Kurzíva 
561 |a Proveniencia: Pečiatka Dr. E. Kadarász-vernot Poz Margity Zayovej.  |5 SNK ID 103768 
563 |a Väzba: ošúchaná lesklá tmavohnedá koža so zlatou ornamentálnou slepotlačou a textom.  |5 SNK ID 103768 
650 0 7 |a súkromná korešpondencia  |2 SNKPH  |9 68063 
700 1 |a Osmont, Charles  |b I.,  |d 1634-1690  |4 prt  |9 675961 
700 1 |a Zaiová, Margita,  |d 1868-1937  |4 fmo  |9 186369 
710 0 |a Osmont, Charles  |b I.,  |d 1634-1690  |4 prt  |9 675962 
752 |a Francúzsko  |d Paríž 
852 |a Slovenská národná knižnica  |b Zaiova knižnica: Zay 4497 (Z 4918)  |p ID 103768 
958 |a DC 
958 |a ONDV 
999 |c 1045722  |d 1047652 
952 |t Zay 4497 (Z 4918)  |a SNK  |b SNK  |c SNK_HF  |y PREZ  |7 0  |p 17A1488777  |o snkID 103768  |i snk2025/4162  |8 5  |0 0  |1 0  |4 0  |d 2025-03-06  |l 0  |r 2026-02-24 14:38:24  |w 2026-02-24